Joueurs africains ayant remporté Ligue des Champions - Statistiques

Statistiques générales
  • Ce quiz a été pris 119 fois
  • Le résultat moyen est 16 sur 28
Statistiques - réponses
Hint Réponse % Correct
Cameroun : Real Madrid (2000), FC Barcelone (2006,2009), Inter Milan(2010) Eto'o
87%
Ghana : Olympique de Marseille (1993) Abedi Pele
86%
Cote d'Ivoire : Chelsea (2012) Drogba
82%
Maroc : Real Madrid (2018) Hakimi
82%
Maroc : Real Madrid (2024) Diaz
80%
Algérie : Manchester City (2023) Mahrez
79%
Senegal : Liverpool (2019) Mané
75%
Egypte : Liverpool (2019) Salah
75%
Maroc :FC Barcelone (2015) Munir
73%
Maroc: Chelsea (2021) Ziyech
70%
Cote d'Ivoire : FC Barcelone (2009) Yaya Toure
67%
Senegal : Chelsea (2021) Mendy
66%
Guinée : Liverpool (2019) Naby Keita
66%
Algerie : FC Porto (1987) Madjer
64%
Cameroun : Liverpool (2019) Matip
63%
Nigeria : Chelsea (2012) Obi Mikel
60%
Cote d'Ivoire : Chelsea (2012) Kalou
53%
Mali : Barcelone (2009,2011) Keita
52%
Ghana : Inter Milan (2010) Muntari
46%
Nigeria : Ajax Amsterdam (1995) Kanu
44%
Afrique du Sud : FC Porto (2004) McCarthy
43%
Mali : Liverpool (2005) Traoré
41%
Ghana : Bayern Munich (2001) Kuffour
33%
Zimbabwe : Liverpool (1984) Grobbelaar
30%
Cameroun : Real Madrid (2000,2002) Geremi
27%
Senegal : Liverpool (2005) Diao
15%
Kenya : Inter Milan(2010) Mariga
13%
Nigeria : Ajax Amsterdam (1995) George
10%
Aucun quiz correspondant
Distribution des résultats
% des personnes avec chaque résultat
Percentile par nombre de réponses
Votre historique - résultats
Vous n’avez pas pris ce quiz